Normal view MARC view

Entry Personal Name

Number of records used in: 2

001 - CONTROL NUMBER

  • control field: 1152756

003 - CONTROL NUMBER IDENTIFIER

  • control field: OSt

005 - DATE AND TIME OF LATEST TRANSACTION

  • control field: 20260324114936.0

008 - FIXED-LENGTH DATA ELEMENTS

  • fixed length control field: 260324|| aca||aabn | a|a d

040 ## - CATALOGING SOURCE

  • Original cataloging agency: OSt
  • Transcribing agency: OSt

100 ## - HEADING--PERSONAL NAME

  • Personal name: Cheng Siong Chin

670 ## - SOURCE DATA FOUND

  • Source citation: Work cat.: (OSt)1743256: Cheng Siong Chin, Intelligent Virtual System for Underwater Vehicle Piloting using Unity™
Copyright @ Delhi University Library System